الزلازل في القرآن الكريم

Bibliographic Details
Main Author: نجار، زغلول راغب محمد (Author)
Format: Book
Language:Arabic
Published: Qahirah : Dar Nahdah Misr , 2011
Subjects:

MARC

LEADER 00000cam a2200000 7i4500
001 0000084721
005 20141008093000.0
008 130630s2011 ua ara
020 |a 9771438484 
050 0 0 |a BP190.5   |b .N35 2011 
090 0 0 |a BP190.5   |b .N35 2011 
100 1 |a نجار، زغلول راغب محمد ,   |e author 
241 1 3 |a al-Zalazil fi al-Qur'an al-karim 
245 1 2 |a الزلازل في القرآن الكريم   |c بقلم أ. د. زغلول راغب محمد النجار 
260 |a Qahirah :   |b Dar Nahdah Misr ,   |c 2011 
300 |a 139 p. ;   |c 24 cm. 
504 |a Includes bibliographical references and index 
650 0 |a Earthquakes   |x Religious aspects   |x Islam 
650 0 |a Nature in the Quran 
999 |a 1000158652   |b Book   |c OPEN SHELF (30 DAYS)   |e Gong Badak Campus